| 000 | 00582nam a22001695i 4500 | ||
|---|---|---|---|
| 001 | 152379 | ||
| 003 | ES-MaACL | ||
| 005 | 20230906204718.0 | ||
| 008 | 051013s1843 fr | |||||||| ||fre d | ||
| 040 |
_aCAM _bspa _cCAM |
||
| 100 | 1 |
_aBonnier, Edouard. _930278 |
|
| 245 | 1 | 0 |
_aTraité théorique et pratique des preuves en droit civil et en droit criminel / _cpar E. Bonnier. |
| 260 |
_aParis : _bJoubert, libraire, _c1843 ( _fImprimerie de Fain et Thunot) |
||
| 300 |
_aVIII, 707 p. ; _c22 cm. |
||
| 650 | 4 |
_aPruebas (Derecho) _916527 |
|
| 852 |
_aES-MaACL _jF-14628 _z-- Enc. hol. |
||
| 999 |
_c152379 _d152379 |
||